Every place in Massachusetts - Statistics

General Stats
  • This quiz has been taken 23 times
  • The average score is 111 of 432
Answers on the Map
Answers color-coded by a green-red scale on the quiz's map according to % correct below.
 
Answer Stats
City Population % Correct
Boston 675,647
78%
Worcester 206,518
78%
Lowell 115,554
67%
Lynn 101,253
67%
New Bedford 101,079
67%
Springfield 155,929
67%
Cambridge 118,403
61%
Malden 66,263
61%
Quincy 101,636
61%
Amherst 39,263
56%
Brockton 105,643
56%
Lawrence 89,143
56%
Nantucket 14,255
56%
Northampton 29,571
56%
Provincetown 3,664
56%
Salem 44,480
56%
Adams 8,166
50%
Andover 36,569
50%
Barnstable 48,916
50%
Bedford 14,383
50%
Braintree 39,143
50%
Eastham 5,752
50%
Easthampton 16,211
50%
Essex 3,675
50%
Fall River 94,000
50%
Hull 10,072
50%
Lexington 34,454
50%
Medford 59,659
50%
Methuen 53,039
50%
Newbury 6,716
50%
North Adams 12,961
50%
Pittsfield 43,927
50%
Plymouth 61,217
50%
Revere 62,186
50%
Rockport 6,992
50%
Sandwich 20,259
50%
Somerville 81,045
50%
Southampton 6,224
50%
Westhampton 1,622
50%
Attleboro 46,461
44%
Auburn 16,889
44%
Bourne 20,452
44%
Brookline 63,191
44%
Chatham 6,594
44%
Chicopee 55,560
44%
Concord 18,491
44%
Fitchburg 41,946
44%
Framingham 72,362
44%
Georgetown 8,470
44%
Gloucester 29,729
44%
Haverhill 67,787
44%
Holyoke 38,238
44%
Lincoln 7,014
44%
Newton 88,923
44%
North Andover 30,915
44%
Peabody 54,481
44%
Taunton 59,408
44%
Waltham 65,218
44%
Watertown 35,329
44%
Yarmouth 25,023
44%
Boxford 8,203
39%
Burlington 26,377
39%
Chelsea 40,787
39%
Dover 5,923
39%
Everett 49,075
39%
Foxborough 18,618
39%
Franklin 33,261
39%
Greenfield 17,768
39%
Groveland 6,752
39%
Leominster 43,782
39%
Marlborough 41,793
39%
Melrose 29,817
39%
Mount Washington 160
39%
Newburyport 18,289
39%
Oak Bluffs 5,341
39%
Reading 25,518
39%
Wakefield 27,090
39%
Washington 494
39%
Weston 11,851
39%
West Springfield 28,835
39%
Weymouth 57,437
39%
Wilmington 23,349
39%
Winchester 22,970
39%
Abington 17,062
33%
Agawam 28,692
33%
Amesbury 17,366
33%
Arlington 46,308
33%
Ashfield 1,695
33%
Bellingham 16,945
33%
Belmont 27,295
33%
Berlin 3,158
33%
Billerica 42,119
33%
Brookfield 3,439
33%
Canton 24,370
33%
Dedham 25,364
33%
East Longmeadow 16,430
33%
Falmouth 32,517
33%
Florida 694
33%
Gosnold 70
33%
Great Barrington 7,172
33%
Hadley 5,325
33%
Hamilton 7,561
33%
Hampden 4,966
33%
Hanover 14,833
33%
Hingham 24,284
33%
Lee 5,788
33%
Leicester 11,087
33%
Lenox 5,095
33%
Ludlow 21,002
33%
Marblehead 20,441
33%
Mashpee 15,060
33%
Merrimac 6,723
33%
Milford 30,379
33%
Milton 28,630
33%
Monson 8,150
33%
Nahant 3,334
33%
Natick 37,006
33%
Northborough 15,741
33%
Norton 19,202
33%
Norwell 11,351
33%
Norwood 31,611
33%
Orange 7,569
33%
Richmond 1,407
33%
Rockland 17,803
33%
Scituate 19,063
33%
Southborough 10,450
33%
Stoneham 23,244
33%
Sturbridge 9,867
33%
Sudbury 18,934
33%
Swampscott 15,111
33%
Tewksbury 31,342
33%
Ware 10,066
33%
Westfield 40,834
33%
Williamsburg 2,504
33%
Williamstown 7,513
33%
Winthrop 19,316
33%
Woburn 40,876
33%
Acton 24,021
28%
Aquinnah 439
28%
Athol 11,945
28%
Barre 5,530
28%
Belchertown 15,350
28%
Beverly 42,670
28%
Bolton 5,665
28%
Brewster 10,318
28%
Bridgewater 28,633
28%
Brimfield 3,694
28%
Carlisle 5,237
28%
Chelmsford 36,392
28%
Chester 1,228
28%
Chesterfield 1,186
28%
Chilmark 1,212
28%
Clinton 15,428
28%
Cohasset 8,381
28%
Colrain 1,606
28%
Danvers 28,087
28%
Dartmouth 33,783
28%
Deerfield 5,090
28%
Dennis 14,674
28%
Douglas 8,983
28%
Dracut 32,617
28%
East Brookfield 2,224
28%
Easton 25,058
28%
Edgartown 5,168
28%
Egremont 1,372
28%
Fairhaven 15,924
28%
Gardner 21,287
28%
Granby 6,110
28%
Granville 1,538
28%
Harvard 6,851
28%
Harwich 13,440
28%
Holliston 14,996
28%
Hudson 20,092
28%
Ipswich 13,785
28%
Kingston 13,708
28%
Lancaster 8,441
28%
Littleton 10,141
28%
Longmeadow 15,853
28%
Mansfield 23,860
28%
Middleborough 24,245
28%
Middleton 9,779
28%
Monroe 118
28%
Montgomery 819
28%
Needham 32,091
28%
New Salem 983
28%
Northfield 2,866
28%
Orleans 6,307
28%
Oxford 13,347
28%
Palmer 12,448
28%
Peru 814
28%
Princeton 3,495
28%
Rochester 5,717
28%
Royalston 1,250
28%
Saugus 28,619
28%
Sharon 18,575
28%
Sheffield 3,327
28%
Southbridge 17,740
28%
South Hadley 18,150
28%
Stow 7,174
28%
Sunderland 3,663
28%
Sutton 9,357
28%
Swansea 17,144
28%
Tisbury 4,815
28%
Truro 2,454
28%
Tyngsborough 12,380
28%
Warren 4,975
28%
Warwick 780
28%
Webster 17,776
28%
Wellesley 29,550
28%
Wellfleet 3,566
28%
Wenham 4,979
28%
Westborough 21,567
28%
West Brookfield 3,833
28%
West Tisbury 3,555
28%
Wilbraham 14,613
28%
Windsor 831
28%
Worthington 1,193
28%
Ashburnham 6,315
22%
Ashland 18,832
22%
Becket 1,931
22%
Bernardston 2,102
22%
Blandford 1,215
22%
Boxborough 5,506
22%
Boylston 4,849
22%
Dalton 6,330
22%
Dudley 11,921
22%
Freetown 9,206
22%
Gill 1,551
22%
Goshen 970
22%
Groton 11,315
22%
Halifax 7,749
22%
Hanson 10,639
22%
Hatfield 3,352
22%
Heath 723
22%
Holden 19,905
22%
Holland 2,603
22%
Hopkinton 18,758
22%
Huntington 2,094
22%
Lakeville 11,523
22%
Lynnfield 13,000
22%
Manchester-by-the-Sea 5,395
22%
Marion 5,347
22%
Marshfield 25,825
22%
Medfield 12,799
22%
Mendon 6,228
22%
Millis 8,460
22%
Millville 3,174
22%
Monterey 1,095
22%
New Ashford 250
22%
New Marlborough 1,528
22%
Northbridge 16,335
22%
North Brookfield 4,735
22%
North Reading 15,554
22%
Otis 1,634
22%
Paxton 5,004
22%
Pembroke 18,361
22%
Pepperell 11,604
22%
Petersham 1,194
22%
Plainfield 633
22%
Plympton 2,930
22%
Randolph 34,984
22%
Rowe 424
22%
Rowley 6,161
22%
Russell 1,643
22%
Rutland 9,049
22%
Salisbury 9,236
22%
Seekonk 15,531
22%
Shelburne 1,884
22%
Sherborn 4,401
22%
Shirley 7,431
22%
Shrewsbury 38,325
22%
Spencer 11,992
22%
Tolland 471
22%
Topsfield 6,569
22%
Uxbridge 14,162
22%
Wales 1,832
22%
Walpole 26,383
22%
Wareham 23,303
22%
Wayland 13,943
22%
Wendell 924
22%
West Boylston 7,877
22%
West Newbury 4,500
22%
Westport 16,339
22%
Whitman 15,121
22%
Winchendon 10,364
22%
Acushnet 10,559
17%
Alford 486
17%
Ashby 3,193
17%
Avon 4,777
17%
Ayer 8,479
17%
Berkley 6,764
17%
Blackstone 9,208
17%
Buckland 1,816
17%
Buzzards Bay 4,279
17%
Carver 11,645
17%
Cheshire 3,258
17%
Clarksburg 1,657
17%
Conway 1,761
17%
Cummington 829
17%
Dighton 8,101
17%
Dunstable 3,358
17%
Duxbury 16,090
17%
East Bridgewater 14,440
17%
Erving 1,665
17%
Grafton 19,664
17%
Hancock 757
17%
Hardwick 2,667
17%
Hawley 353
17%
Hinsdale 1,919
17%
Holbrook 11,405
17%
Hopedale 6,017
17%
Hubbardston 4,328
17%
Leverett 1,865
17%
Lunenburg 11,782
17%
Mattapoisett 6,508
17%
Maynard 10,746
17%
Medway 13,115
17%
Middlefield 385
17%
Millbury 13,831
17%
Montague 8,580
17%
New Braintree 996
17%
North Attleborough 30,834
17%
Oakham 1,851
17%
Pelham 1,280
17%
Phillipston 1,726
17%
Plainville 9,945
17%
Raynham 15,142
17%
Rehoboth 12,502
17%
Sandisfield 989
17%
Shutesbury 1,717
17%
Somerset 18,303
17%
Southwick 9,232
17%
Stockbridge 2,018
17%
Stoughton 29,281
17%
Templeton 8,149
17%
Townsend 9,127
17%
Tyringham 427
17%
Upton 8,000
17%
West Bridgewater 7,707
17%
Westford 24,643
17%
Westminster 8,213
17%
West Stockbridge 1,343
17%
Westwood 16,266
17%
Whately 1,607
17%
Wrentham 12,178
17%
Yarmouth Port 5,403
17%
Charlemont 1,185
11%
Charlton 13,315
11%
Cochituate 6,927
11%
Harwich Port 1,899
11%
Housatonic 1,083
11%
Lanesborough 3,038
11%
Leyden 734
11%
Millers Falls 994
11%
Norfolk 11,662
11%
Onset 1,617
11%
Sagamore 3,851
11%
Savoy 645
11%
Seabrook 448
11%
Siasconset 505
11%
South Yarmouth 11,703
11%
Sterling 7,985
11%
Turners Falls 4,512
11%
Vineyard Haven 2,747
11%
West Concord 6,320
11%
West Dennis 2,304
11%
West Yarmouth 6,278
11%
Woods Hole 834
11%
Acushnet Center 3,030
6%
Baldwinville 2,117
6%
Bliss Corner 5,480
6%
Cedar Crest 2,230
6%
Cordaville 2,703
6%
Dennis Port 3,487
6%
Devens 1,697
6%
East Dennis 2,585
6%
East Douglas 2,702
6%
East Falmouth 6,278
6%
East Harwich 5,250
6%
East Pepperell 2,120
6%
East Sandwich 3,669
6%
Fiskdale 2,797
6%
Forestdale 4,116
6%
Green Harbor 394
6%
Harwich Center 1,995
6%
Lenox Dale 466
6%
Littleton Common 3,065
6%
Madaket 377
6%
Mansfield Center 7,830
6%
Marion Center 1,172
6%
Mashpee Neck 1,076
6%
Mattapoisett Center 3,190
6%
Middleborough Center 7,921
6%
Monomoscoy Island 139
6%
Monson Center 1,952
6%
Monument Beach 2,784
6%
New Seabury 852
6%
North Eastham 2,296
6%
North Falmouth 3,293
6%
North Lakeville 3,290
6%
North Pembroke 3,490
6%
North Scituate 5,414
6%
North Seekonk 2,726
6%
North Westport 4,720
6%
Norton Center 2,677
6%
Ocean Bluff-Brant Rock 4,744
6%
Ocean Grove 2,904
6%
Pinehurst 7,368
6%
Pocasset 2,843
6%
Popponesset 280
6%
Popponesset Island 45
6%
Raynham Center 4,365
6%
Seconsett Island 98
6%
Shelburne Falls 1,719
6%
South Ashburnham 1,136
6%
South Deerfield 1,930
6%
South Dennis 3,899
6%
South Duxbury 3,463
6%
South Lancaster 1,838
6%
Teaticket 1,663
6%
Wareham Center 2,972
6%
West Chatham 1,619
6%
West Falmouth 1,812
6%
West Wareham 2,224
6%
Weweantic 2,109
6%
White Island Shores 2,180
6%
Whitinsville 6,750
6%
Hanscom Air Force Base 1,516
0%
Millis-Clicquot 4,499
0%
Northwest Harwich 4,296
0%
Smith Mills 4,832
0%
The Pinehills 4,515
0%
No matching quizzes found
Score Distribution
Percent of People with Each Score
Percentile by Number Answered
Your Score History
You have not taken this quiz